000 00372 a2200157 4500
001 151851
040 _cEscola São Tomás de Aquino
100 _aKEANEY, Brian.
240 1 0 _aPor que tanta pressa de crescer?
_lpor
245 1 0 _aPor que tanta pressa de crescer?
300 _a167
362 0 _a1997
440 1 _aFTD
697 _a*LITERATURA JUVENIL
942 _cBK
999 _c151851
_d151851